Christmas Food Consonants Only - Statistics

General Stats
  • This quiz has been taken 30 times
  • The average score is 10 of 12
Answer Stats
Hint Answer % Correct
BRSSLSPRT Brussel Sprouts
92%
CHRSTMSPDDNG Christmas Pudding
92%
CHRSTMSTRKY Christmas Turkey
92%
CRNBRRYSC Cranberry Sauce
92%
GRVY Gravy
92%
STFFNG Stuffing
92%
BRCCLNDCRRTS Broccoli and Carrots
83%
PGSNBLNKTS Pigs in Blankets
83%
MNCPS Mince Pies
79%
RSTPTTS Roast Potatoes
67%
RSTPRSNP Roast Parsnip
63%
GRNBNS Grean Beans`
25%
No matching quizzes found
Score Distribution
Percent of People with Each Score
Percentile by Number Answered
Your Score History
You have not taken this quiz